| 000 | 01105nam a22003370a 4500 | ||
|---|---|---|---|
| 001 | PT18361 | ||
| 003 | AR-LpoUNG | ||
| 005 | 20210131232808.0 | ||
| 008 | 191001s2003||||ag |||||||||||||||||spa d | ||
| 020 |
_a9501275000 _c$26.66 |
||
| 040 |
_aAR-LpoUNG _bspa _cAR-LpoUNG _eaacr |
||
| 041 | _aspa | ||
| 044 | _aag | ||
| 082 | 0 | _aR801.952 337dic | |
| 100 | 1 | _aPavis, Patrice | |
| 245 | 1 | 0 | _aDiccionario del teatro |
| 250 | _a1ra. ed. | ||
| 260 |
_aBuenos Aires : _bPaidós, _c2003. |
||
| 300 |
_a558 p. : _bfot. |
||
| 520 | _aContiene alrededor de quinientos términos tanto clásicos como de uso reciente. Informa al lector sobre el vocabulario crítico y los métodos de análisis del texto y de la representación en materia teatral; profundizando los conceptos de dramaturgia, de puesta en escena y de semiótica relacionados con el tema. | ||
| 650 | 4 | _aARTE | |
| 650 | 4 | _aARTES DRAMATICAS | |
| 653 | _aACTORES | ||
| 653 | _aMIMESIS | ||
| 653 | _aMIMICA | ||
| 653 | _aMUSICA | ||
| 653 | _aREPRESENTACION | ||
| 700 | 1 |
_aUbersfeld, Anne _epref. |
|
| 905 | _a18361 | ||
| 942 | _cLSALA | ||
| 999 |
_c17561 _d17561 |
||